|
|
|
|
| LEADER |
00882cam a2200277 7i4500 |
| 001 |
0000034867 |
| 005 |
20180208090000.0 |
| 007 |
##ta |
| 008 |
180208s2018 xxu eng |
| 040 |
# |
# |
|a MATR
|
| 090 |
0 |
0 |
|a I 338.7
|b DOI
|
| 245 |
0 |
0 |
|a Doing Business 2018 :
|b Reforming to Create Jobs.
|
| 264 |
# |
4 |
|a ♭2018.
|
| 264 |
# |
1 |
|a Washington D.C.:
|b World Bank,
|c 2018.
|
| 300 |
# |
# |
|a 303 pages:
|b graphs, maps;
|c 30 cm.
|
| 336 |
# |
# |
|a text
|2 rdacontent
|
| 337 |
# |
# |
|a unmediated
|2 rdamedia
|
| 338 |
# |
# |
|a volume
|2 rdacarrier
|
| 504 |
# |
# |
|a Includes bibliographical references.
|
| 650 |
# |
0 |
|a Industrial laws and legislation
|
| 650 |
# |
0 |
|a Doing Business
|
| 650 |
# |
0 |
|a Business enterprises --
|x Government policy
|
| 650 |
# |
0 |
|a Commercial law
|
| 650 |
# |
0 |
|a New business enterprises
|
| 650 |
# |
0 |
|a Trade regulation
|
| 999 |
|
|
|a 0000040140
|b Book
|c International
|e Business Information Centre
|